00435nam a2200157 a 450000100060000000300090000600800410001502000150005604000280007108200100009910000220010924500700013126000430020130000100024465000230025417513CO-ViMGA141112s2004 ck r 000 u spa d a8495040948 aCO-ViMGAbspacCO-ViMGA04aCURcu1 aCurtis, Jamie Lee10aCunado yo era pequeña . Memorias de una niña de cuatro años aBarcelona (España), cSerres, c2001 a30.p.14aCUENTOS INFANTILES